Quizzes
Events
Quiz Creation
Community
Videos
Private Events
Remove Ads
Sign In
Join for FREE
Feedback
Dark Mode
Quiz Categories
Sports
Geography
Music
Movies
Television
Just For Fun
Miscellaneous
History
Literature
Language
Science
Gaming
Entertainment
Religion
Holiday
For Kids
Quiz Lab
Recent
Popular Today
Quiz Kudos Today
Editor Picks
Curator Picks
Quizzes by...
Day
Popularity
Type
Ratings
Length
Year
Community
Subscriptions
Recent Discussions
Orange Saloon
Badges
Playlists
Quests
Create
Leaderboards
Showdown
Live 5
Trivia Bingo
Activity
Puzzle Library
Sporcle Events
Private Events
Virtual Trivia
Globe League
Become a Host
Pub Owners
SporcleCon
Opinionation
Our Games
Videos
Blog
Mobile Apps
Partnerships
Remove Ads and Go Orange
Feedback
History
US Presidents
World Leaders
Politics
Nation
Discovery
War
Decade
Year
Century
Biography
Art
History
US Presidents
World Leaders
Politics
Nation
Discovery
War
Decade
Year
Century
Biography
Art
Random Quiz
Search Sporcle
×
Quiz Lab
Quiz Lab
History
World Leaders
Select answers by clicking on text or image buttons
Select answers by clicking on text or image buttons
Clickable
Best Score? Go Orange.
Prime ministers by nicknames Stats
Can you pick the nicknames of these UK Prime Ministers?
By
knight_of_ni
5m
30 Questions
321 Plays
321 Plays
321 Plays
Comments
Comments
Give Quiz Kudos
Give Quiz Kudos
-
- Ratings
hide this ad
Forced Order
Answers have to be entered in order
Answers have to be entered in order
Replay
Link that replays current quiz
Next Quiz
Link to next quiz in quiz playlist
You Got
0%
They Got
Avg Score
48%
Avg Friend Score
Upgrade to see
Score Distribution
Jump to the score distribution portion of the page
Score
0/30
Timer
05:00
0
Plays Today
% Correct
The Iron Lady
95.3%
Call me Dave
90.7%
Bloody Balfour
82.2%
Bottler Brown
81.6%
The Welsh Wizard
77.6%
Clem
77.3%
Orange Peel
77.3%
Mac the Knife
75.7%
The Iron Duke
74.5%
America's Poodle
72.6%
Sunny Jim
70.7%
Grey Man
67.9%
Winnie
67.9%
Grand Old Man
59.8%
Dizzy
56.7%
% Correct
CB
48.3%
The Unknown Prime Minister
36.8%
Squiffy
32.7%
The Great Commoner
27.1%
Lord Cupid
24.9%
Jack Boot
20.2%
Baillie Vass
18.7%
Boreas
16.5%
Gentle Shepherd
16.2%
The Coroner
14%
The Ironmonger
13.4%
The Blubberer
13.4%
Sir Bluestring
12.8%
Hubble-Bubble
11.5%
The Doctor
10.3%
Quiz Playlist
Details
Report
Send in Message
Add To Playlist
Clickable:
Select answers by clicking on text or image buttons
Forced Order:
Answers have to be entered in order
Last Updated: Feb 16, 2017
Quiz Scoreboard
CHALLENGE
Sign Up to Join the Scoreboard
Show All
Scores
Hide
Comments
May contain spoilers
Recently Published
Movies - When Are They Set?
by FPL_Elf
Movies
5m
Popular People in 1961
by mucciniale
History
6m
1-10 Letter E Words III
by El_Dandy
Language
2m
More to Explore
Quiz From the Vault
Featured Blog Post
Where Did the Easter Bunny Come From?
hide this ad
You Might Also Like...
Tags
Politics Quiz
World Leaders Quiz
name
Prime Ministers
UK
Today's Top Quizzes in History
Browse History
hide this ad
Today's Top Quizzes in World Leaders
Browse World Leaders
Top Contributed Quizzes in History
1
Popular People in 1991
2
Popular People in 1981
3
Popular People in 1951
4
Popular People in 1941
5
Popular People in 1986
6
Popular People in 1921
7
Popular People in 1976
8
I Am Born On March 28th
9
Popular People in 1946
10
Popular People in 1936
Explore More
Trending Topics
Crossword
Kpop
Marvel
Disney
NBA
Harry Potter
Anime
The Office
NFL
Puzzle
Pokémon
Country
WWE
Soccer
Song
hide this ad
More By:
knight_of_ni
Quiz
Plays
Rating
Category
Featured
Created
Prime Ministers (Redux)
109,519
3.22
History
Dec 11, 2012
Same Language Match-Up
67,938
4.77
Language
Apr 17, 2013
Which Century?
60,193
4.62
History
Dec 8, 2012
British TV GIFs
23,932
4.64
Television
May 21, 2014
Chronological Kings and Queens
22,818
4.40
History
Jul 4, 2014
Go to Creator's Profile
Score Distribution
Quiz Creator Spotlight
knight_of_ni
Follow
Send a Message
Quizzes Created
-
Created Quiz Play Count
-
More By This Creator
Popular Quizzes Today
1
Find the US States - No Outlines Minefield
2
Find the Countries of Europe - No Outlines Minefield
3
The Countries of the World
4
Popular People in 1961
5
1-10 Letter E Words III
6
US States
7
Find the US States
8
One Thing in Common: World Cities II
More History Quizzes
Presidential Relativity
Published
Trending Quizzes
Risky Map Clicking: Least Populous States A-Z
1-10 Letter F Words
Humor Books: The Subtitles
1-10 Letter G Words
One Thing in Common: United Kingdom
Recently Updated
Leaping Animals
pecheneg
Reality TV Shows (A-Z)
bhenderson79
Rickey Henderson's Hall of Fame Teammates
pecheneg
Champions League XIs: Arsenal
pecheneg
Quick Pick: Celebrities in WWE's Hall of Fame
aduchscher
A-Z Keypad Blitz II
pecheneg
Multiple Oscar Actors
pecheneg
Mystery Phrase Blitz: Oscar 'Best Actors'
pecheneg
F. Scott Fitzgerald Novels
LTH
Pick 3 Villains
ddd62291
Trending Topics
Harry Potter
Marvel
Crossword
Anime
NBA
Kpop
Disney
Song
NFL
Puzzle
Pokémon
Soccer
Country
WWE
The Office
Your Account Isn't Verified!
In order to create a playlist on Sporcle, you need to verify the email address you used during registration. Go to your
Sporcle Settings
to finish the process.
Report this User
Report this user for behavior that violates our
Community Guidelines
.
Details:
Send Report
Go to the Sporcle.com Mobile Site →
Comments